Online ütemezés kontrollálható méretű munkákkal

Elmentve itt :
Bibliográfiai részletek
Szerző: Lacki Balázs
További közreműködők: Imreh Csanád (Témavezető)
Dokumentumtípus: Szakdolgozat
Megjelent: 2012
Tárgyszavak:
Online Access:http://diploma.bibl.u-szeged.hu/37461
LEADER 00766nta a2200181 i 4500
001 dipl37461
005 20180306134444.0
008 120712s2012 hu om 0|| zxx d
040 |a SZTE Diploma Repozitórium  |b hun 
041 |a zxx 
100 1 |a Lacki Balázs 
245 1 0 |a Online ütemezés kontrollálható méretű munkákkal  |h [elektronikus dokumentum] /  |c Balázs Lacki 
260 |c 2012 
650 4 |a Informatika 
700 1 |a Imreh Csanád  |e ths 
856 4 0 |u http://diploma.bibl.u-szeged.hu/id/eprint/37461/1/2012_laczi_balazs.pdf  |z Dokumentum-elérés  
856 4 0 |u http://diploma.bibl.u-szeged.hu/id/eprint/37461/2/2012_laczi_balazs_biralati.pdf  |z Dokumentum-elérés  
856 4 0 |u http://diploma.bibl.u-szeged.hu/id/eprint/37461/3/2012_laczi_balazs.tgz  |z Dokumentum-elérés